00810nam a2200169 i 4500001000700000003000900007005001700016008004100033110006300074245007300137260006600210300002100276530003500297610007500332852009700407856013600504163052ES-MaACL20230906212647.0170830s1836 sp |||| | spa d2 aReal Sociedad Económica Matritense de Amigos del País.10aEstatutos de la Sociedad Económica de Amigos del País de Madrid. aMadrid : b[s.n.], c1836 (fImp. del Colegio de Sordo-Mudos) a14 p. ; c18 cm. aDisponible en formato digital.24aReal Sociedad Económica Matritense de Amigos del País-vEstatutos.4 aES-MaACLjT-20-F-20 z- Enc. hol., falto de cub. original z- Enc. en un vol. facticio4 uhttps://bibliotecavirtualmadrid.comunidad.madrid/bvmadrid_publicacion/es/consulta/registro.do?id=1307zBiblioteca Digital de Madrid